000 00501 a2200169 4500
020 _a9788497962780
020 _a8497962788
041 _aspa
100 1 0 _aAndersen, Hans Christian,
245 1 0 _aCuentas de Anderson / Hans Christian Andersen, [adaptacion, Teresa Rodriguez ; diseno e ilustracion, Bicom]
245 1 0 _aObra selecta
260 _aOyarzun, Guipuzcoa Saldana D.L., 2014
300 _a188 p. il. color ;
_c28 cm
700 1 0 _aRodriguez, Teresa,
700 0 0 _aBicom.
942 _cBK
999 _c25757
_d25757